| 000 | 01088cam a2200313 a 4500 | ||
|---|---|---|---|
| 001 | 17504984 | ||
| 005 | 20150506122721.0 | ||
| 008 | 121022s2013 enk frb 001 0 eng d | ||
| 020 | _a9780415504720 | ||
| 020 | _a9780415504737 (pbk) | ||
| 020 | _z9780203521748 (ebk) | ||
| 040 |
_aDLC _cDLC _dDLC _dEG-ScBUE |
||
| 082 | 0 | 0 |
_a201.7 _222 _bMED |
| 245 | 0 | 0 |
_aMedia, religion, and gender : _bkey issues and new challenges / _cedited by Mia Lövheim. |
| 260 |
_aOxon ; _aNew York : _bRoutledge / Taylor & Francis Group, _c2013. |
||
| 300 |
_aix, 206 p. ; _c24 cm. |
||
| 490 | 0 | _aMedia, religion and gender | |
| 500 | _aIndex : p. 196-206. | ||
| 504 | _aIncludes bibliographical references. | ||
| 650 | 7 |
_aMass media in religion. _2BUEsh _937864 |
|
| 650 | 7 |
_aMass media _xReligious aspects. _2BUEsh _937865 |
|
| 650 | 7 |
_aWomen and religion. _2BUEsh _937866 |
|
| 650 | 7 |
_aSex role _xReligious aspects. _2BUEsh _937867 |
|
| 651 | _2BUEsh | ||
| 653 |
_bCOMAME _cMay2015 |
||
| 655 |
_vreading book _934232 |
||
| 700 | 1 |
_aLövheim, Mia, _d1968- _eeditor. _937863 |
|
| 942 |
_2ddc _k201.7 MED |
||
| 999 |
_c19294 _d19266 |
||